[Event "COL Intercollegiate-ch U14 Girls"]
[Site "Paipa"]
[Date "2019.12.12"]
[Round "3"]
[White "Vento Beltran, Shanik Francesca"]
[Black "Mercado Maestre, Maria Angel"]
[Result "0-1"]
[WhiteElo "1408"]
[BlackElo "1276"]
[PlyCount "76"]
[EventDate "2019.12.11"]
[EventType "swiss"]
[EventRounds "7"]
[EventCountry "COL"]
[SourceTitle "CBM 193 Extra"]
[Source "ChessBase"]
[SourceDate "2020.01.31"]
[SourceVersion "1"]
[SourceVersionDate "2020.01.31"]
[SourceQuality "1"]

1. e4 e5 2. d3 Nf6 3. Nf3 Nc6 4. Nc3 Bc5 5. Be3 Bb6 6. a3 d6 7. h3 Be6 8. Be2 0-0 9. Ng5 h6 10. Nxe6 fxe6 11. Bg4 Qe7 12. 0-0 d5 13. Na4 dxe4 14. c3 exd3 15. Qb3 Nxg4 16. hxg4 Rf7 17. Qc4 Qd7 18. Rad1 Rd8 19. b4 Qd5 20. Nb2 e4 21. g5 hxg5 22. f3 Bxe3+ 23. Rf2 Bxf2+ 24. Kxf2 b5 25. Qc5 Qxc5+ 26. bxc5 exf3 27. gxf3 Ne5 28. Kg2 Rxf3 29. Re1 Rf5 30. c6 d2 31. Rb1 Nc4 32. a4 Nxb2 33. axb5 d1Q 34. Rxd1 Rxd1 35. b6 axb6 36. c4 Rd3 37. Kh1 Rf2 38. c5 Rd1# 0-1

[Event "COL Intercollegiate-ch U14 Girls"]
[Site "Paipa"]
[Date "2019.12.11"]
[Round "1"]
[White "Suarez Ardila, Luisa Maria"]
[Black "Vento Beltran, Shanik Francesca"]
[Result "1-0"]
[WhiteElo "1629"]
[BlackElo "1408"]
[PlyCount "43"]
[EventDate "2019.12.11"]
[EventType "swiss"]
[EventRounds "7"]
[EventCountry "COL"]
[SourceTitle "CBM 193 Extra"]
[Source "ChessBase"]
[SourceDate "2020.01.31"]
[SourceVersion "1"]
[SourceVersionDate "2020.01.31"]
[SourceQuality "1"]

1. e4 e5 2. Nf3 Bc5 3. Bc4 Nf6 4. d3 0-0 5. Nxe5 d6 6. Nf3 Nc6 7. h3 Nd4 8. Nc3 Ng4 9. hxg4 Bxg4 10. Be3 Qf6 11. Nd5 Qd8 12. c3 Nxf3+ 13. gxf3 Be6 14. d4 Bb6 15. Qd3 h6 16. 0-0-0 c6 17. Nxb6 axb6 18. Rdg1 g5 19. Rxh6 Re8 20. Bxg5 Qd7 21. Bf6+ Bg4 22. Rh8# 1-0